01382nam a2200325 a 4500001001200000003000800012006001900020007001500039008004100054020002800095040002100123035002100144043001200165050002600177082002200203100003000225245013300255246005900388260004800447300001100495504006400506533015200570650004800722650004900770651004800819655002900867710001700896856012600913999001701039ebr10085430CaPaEBRm u cr cn|||||||||990216s2000 nyu sb 001 0 eng  z0195131460 (alk. paper) aCaPaEBRcCaPaEBR a(OCoLC)191927961 ae-pl---14aDK4349.3b.P67 2000eb04a320.54/09/0342211 aPorter, Brianq(Brian A.)10aWhen nationalism began to hateh[electronic resource] :bimagining modern politics in nineteenth century Poland /cBrian Porter.30aImagining modern politics in nineteenth century Poland aNew York :bOxford University Press,c2000. a307 p. aIncludes bibliographical references (p. 283-301) and index. aElectronic reproduction.bPalo Alto, Calif. :cebrary,d2013.nAvailable via World Wide Web.nAccess may be limited to ebrary affiliated libraries. 0aNationalismzPolandxHistoryy19th century. 0aAntisemitismzPolandxHistoryy19th century. 0aPolandxPolitics and governmenty1796-1918. 7aElectronic books.2local2 aebrary, Inc.40uhttp://site.ebrary.com/lib/rucke/Doc?id=10085430zAn electronic book accessible through the World Wide Web; click to view c49637d49637